The language of teaching : meaning in classroom interaction /

Bibliographic Details
Main Author: Edwards, A. D. (Anthony Davies)
Other Authors: Furlong, V. J.
Format: Book
Language:English
Published: London : Heinemann Educational, 1978.
Subjects:

MARC

Tag First Indicator Second Indicator Subfields
LEADER 00000cam a2200000 i 4500
001 in00000044159
005 20151007071010.0
008 790712s1978 enk b 00110 eng
010 |a  79308586  
015 |a GB78-37611 
020 |a 0435802941 :  |c 6.50 
020 |a 043580295X (pbk.) 
035 |a (OCoLC)04928526 
035 |9 AAE5121AM 
040 |a DLC  |c DLC  |d TXA  |d UtOrBLW 
049 |a TXAM  |c [1383565] 
050 0 0 |a LB1033  |b .E3 
082 0 |a 371.1/02 
100 1 |a Edwards, A. D.  |q (Anthony Davies) 
245 1 4 |a The language of teaching :  |b meaning in classroom interaction /  |c A. D. Edwards and V. J. Furlong. 
264 1 |a London :  |b Heinemann Educational,  |c 1978. 
300 |a vi, 168 pages ;  |c 22 cm. 
336 |a text  |b txt  |2 rdacontent 
337 |a unmediated  |b n  |2 rdamedia 
338 |a volume  |b nc  |2 rdacarrier 
500 |a Includes index. 
504 |a Bibliography: pages 159-165. 
650 0 |a Interaction analysis in education. 
700 1 |a Furlong, V. J. 
999 |a MARS 
999 f f |s fa6b54b3-8995-389e-a61e-e858052dabed  |i 0b745be9-a76a-35e0-8256-e00a412bb4bf  |t 0 
952 f f |p normal  |a Texas A&M University  |b College Station  |c Sterling C. Evans Library  |d Evans: Library Stacks  |t 0  |e LB1033 .E3  |h Library of Congress classification  |i unmediated -- volume  |m A14803243078 
998 f f |a LB1033 .E3  |t 0  |l Evans: Library Stacks